Les 20 villes les plus peuplées du Nicaragua - Statistiques

Statistiques générales
  • Ce quiz a été pris 3 fois
  • Le résultat moyen est 7 sur 20
Statistiques - réponses
Population Villes % Correct
80.228 Granada
100%
79.418 Granada
100%
139.433 León
100%
908.892 Managua
100%
95.614 Chinandega
50%
31.257 Jinotepe
50%
92.598 Masaya
50%
85.948 Matagalpa
50%
27.650 Rivas
50%
38.623 Bluefields
0%
34.243 Chichigalpa
0%
72.501 Ciudad Sandino
0%
35.222 Diriamba
0%
39.178 El Viejo
0%
41.134 Jinotega
0%
42.763 Juigalpa
0%
25.585 Nueva Guinea
0%
34.190 Ocotal
0%
39.428 Puerto Cabezas
0%
90.294 Tipitapa
0%
Aucun quiz correspondant
Distribution des résultats
% des personnes avec chaque résultat
Percentile par nombre de réponses
Votre historique - résultats
Vous n’avez pas pris ce quiz